LEADER 01681nam0 22003973i 450 001 SBL0583970 005 20251003044357.0 020 $aIT$b767341 100 $a20230608d1975 ||||0itac50 ba 101 | $aita$ceng 102 $ait 181 1$6z01$ai $bxxxe 182 1$6z01$an 183 1$6z01$anc$2RDAcarrier 200 1 $aˆIl ‰legame chimico$euna trattazione elementare basata sulla meccanica quantica$fGeorge C. Pimentel, Richard D. Spratley$gtraduzione italiana a cura del prof. Antonio Indelli 210 $aPadova$cPiccin$d[1975] 215 $aIX, 340 p.$cill.$d25 cm. 500 10$aChemical bonding clarified through quantum mechanics.$3SBL0583971$9RAVV074674$91759741 606 $aValenza chimica$2FIR$3SBLC051942$9I 676 $a541$9Chimica fisica$v14 676 $a541.224$9Chimica fisica. Legami chimici. valenze, radicali$v22 696 $aValenza$aValenza 699 $aValenza chimica$yValenza 699 $aValenza chimica$yValenza 700 1$aPimentel$b, George C.$3RAVV074674$4070$03737 701 1$aSpratley$b, Richard$3SBLV256559$4070$03738 702 1$aIndelli$b, Antonio$3SBLV256560$4730 790 1$aPimentel$b, George$3SBNV029176$zPimentel, George C. 801 3$aIT$bIT-000000$c20230608 850 $aIT-BN0095 901 $bNAP 01$cSALA DING $n$ 912 $aSBL0583970 950 0$aBiblioteca Centralizzata di Ateneo$b1 v.$c1 v.$d 01SALA DING 541 PIM.le$e 0102 0000006415 VMA A4 1 v.$fY $h19940119$i19940119 977 $a 01 996 $aChemical bonding clarified through quantum mechanics$91759741 997 $aUNISANNIO